Management self-development: concepts and practices (Record no. 50027)

MARC details
000 -LEADER
fixed length control field 00781nam a2200205 a 4500
008 - FIXED-LENGTH DATA ELEMENTS--GENERAL INFORMATION
fixed length control field 120416s1981 ||||||||||||||||| || u
020 ## - INTERNATIONAL STANDARD BOOK NUMBER
International Standard Book Number 0566021943
050 ## - LIBRARY OF CONGRESS CALL NUMBER
Classification number HF 5549.5.T7 Man
100 ## - MAIN ENTRY--PERSONAL NAME
Personal name Boydell, Thomas Hamer
245 10 - TITLE STATEMENT
Title Management self-development: concepts and practices
Statement of responsibility, etc. edited by Tom Boydell and Mike Pedler
260 ## - PUBLICATION, DISTRIBUTION, ETC.
Place of publication, distribution, etc. Farnborough, Hants:
Name of publisher, distributor, etc. Gower
Date of publication, distribution, etc. 1981
300 ## - PHYSICAL DESCRIPTION
Extent xv, 254p.: ill.
350 ## - PRICE (NR) (BK AM CF MU VM SE) [OBSOLETE]
Price 0.00
500 ## - GENERAL NOTE
General note Includes bibliographies.
650 ## - SUBJECT ADDED ENTRY--TOPICAL TERM
Topical term or geographic name entry element EXECUTIVES--TRAINING OF
650 ## - SUBJECT ADDED ENTRY--TOPICAL TERM
Topical term or geographic name entry element MIDDLE MANAGERS--TRAINING OF
650 ## - SUBJECT ADDED ENTRY--TOPICAL TERM
Topical term or geographic name entry element MANAGEMENT--STUDY AND TEACHING
700 ## - ADDED ENTRY--PERSONAL NAME
Personal name Pedler, Mike
995 ## - RECOMMENDATION 995 [LOCAL, UNIMARC FRANCE]
-- 0.00
-- CBU-MAIN LIBRARY (Kitwe)
-- 1
-- 18.95
-- AVAILABLE
-- Annex Low-Usage Collection
Holdings
Withdrawn status Lost status Source of classification or shelving scheme Damaged status Not for loan Home library Current library Shelving location Date acquired Total Checkouts Full call number Barcode Date last seen Price effective from Koha item type
          CBU-MAIN LIBRARY, KITWE. CBU-MAIN LIBRARY, KITWE.   11/30/2022   HF 5549.5.T7 Man 005411 11/30/2022 11/30/2022 MONOGRAPH